000 00397nam a22001337a 4500
020 _qHB.
040 _cFIZZA ISHAQ
082 _a973.928
_bKEV
100 _aPHILLIPS,KEVIN.
_9134378
245 _aAMERICAN DYNASTY ARISTOCRACY FORTUNE AND THE POLITICS OF DECEIT IN THE HOUSE OF BUSH /
_cKEVIN PHILLIPS.
260 _aNEW YORK ;
_bVIKING,
_c2004.
300 _a397 P. ;
_c9.9X6.4IN
942 _2ddc
_cBK
999 _c617356
_d617356